[Event "13th EICC"]
[Site "Plovdiv BUL"]
[Date "2012.03.30"]
[Round "10.166"]
[White "Bozinovic, Boban"]
[Black "Slavov, Hristo"]
[Result "1-0"]
[WhiteTitle "CM"]
[WhiteElo "2105"]
[BlackElo "1812"]
[WhiteFideId "929697"]
[BlackFideId "2911345"]
[EventDate "2012.03.20"]
[EventType "swiss"]

1. e4 Nf6 2. e5 Nd5 3. d4 d6 4. Nf3 dxe5 5. Nxe5 Nd7 6. Nxf7 Kxf7 7. Qh5+ g6 8.
Qxd5+ e6 9. Qf3+ Nf6 10. c3 Rb8 11. Bg5 Be7 12. Nd2 Bd7 13. Bxf6 Bxf6 14. Ne4
Bc6 15. Qxf6+ Qxf6 16. Nxf6 Kxf6 17. O-O-O h5 18. h4 Rbd8 19. f3 e5 20. dxe5+
Kxe5 21. Bd3 Rd6 22. Bc2 Rhd8 23. Rhe1+ Kf6 24. Rxd6+ Rxd6 25. Be4 Bxe4 26. Rxe4
Kf5 27. Re7 Kf4 28. Rxc7 Rb6 29. c4 Kg3 30. c5 Rb5 31. Kc2 Kxg2 32. Kc3 a5 33.
b3 b6 34. Kc4 Rb4+ 35. Kc3 bxc5 36. Rxc5 Kxf3 37. Rxa5 Rxh4 38. b4 Rg4 39. b5
Rg5 40. a4 h4 41. b6 Rxa5 42. b7 Rxa4 43. b8=Q Rf4 44. Qg8 Rg4 45. Qd5+ Kg3 46.
Qe5+ Kh3 47. Qe6 Kg3 48. Qe5+ Kf3 49. Kd3 Rg3 50. Kd2 Rg2+ 51. Kd3 h3 52. Qf6+
Kg3 53. Ke3 Kh2 54. Qf4+ Rg3+ 55. Kf2 1-0

[Event "13th EICC"]
[Site "Plovdiv BUL"]
[Date "2012.03.31"]
[Round "11.5"]
[White "Azarov, Sergei"]
[Black "Matlakov, Maxim"]
[Result "1/2-1/2"]
[WhiteTitle "GM"]
[BlackTitle "GM"]
[WhiteElo "2667"]
[BlackElo "2632"]
[WhiteFideId "13501470"]
[BlackFideId "4168003"]
[EventDate "2012.03.20"]
[EventType "swiss"]

1. e4 c6 2. Nc3 d5 3. Nf3 Bg4 4. h3 Bxf3 5. Qxf3 e6 6. Be2 Nf6 7. O-O Nbd7 8. d4
dxe4 9. Nxe4 Nxe4 10. Qxe4 Nf6 11. Qd3 Be7 12. c4 O-O 13. Be3 Qc7 14. Bf3 Rfd8
15. Qe2 Rd7 16. Rfd1 Rad8 17. a3 e5 18. dxe5 Qxe5 19. Rxd7 Rxd7 20. Re1 Bc5 21.
Bxc5 Qxc5 22. b4 Qf8 23. Qe3 a6 24. Rd1 Rxd1+ 25. Bxd1 g6 26. Qb6 Qd6 27. Bf3
Qf4 28. b5 Qc1+ 29. Kh2 Qf4+ 30. Kg1 Qc1+ 31. Kh2 Qf4+ 32. Kg1 Qc1+ 33. Kh2 1/2-1/2

[Event "13th EICC"]
[Site "Plovdiv BUL"]
[Date "2012.03.31"]
[Round "11.11"]
[White "Fridman, Daniel"]
[Black "Efimenko, Zahar"]
[Result "1/2-1/2"]
[WhiteTitle "GM"]
[BlackTitle "GM"]
[WhiteElo "2653"]
[BlackElo "2695"]
[WhiteFideId "11600454"]
[BlackFideId "14107201"]
[EventDate "2012.03.20"]
[EventType "swiss"]

1. c4 c5 2. Nf3 Nf6 3. Nc3 Nc6 4. g3 e5 5. Bg2 d6 6. O-O Be7 7. d3 h6 8. Ne1 O-O
9. Nc2 Be6 10. Ne3 Qd7 11. Ned5 Bh3 12. f4 Bxg2 13. Kxg2 exf4 14. Bxf4 Nxd5 15.
cxd5 Nd4 16. a4 Bg5 17. e3 Nf5 18. Qd2 Bxf4 19. Rxf4 Rae8 20. Rf3 Ne7 21. Rb1 f5
22. Rbf1 Ng6 23. Qf2 Ne5 24. Rxf5 Rxf5 25. Qxf5 Qxf5 26. Rxf5 Nxd3 27. Nb5 Rd8
28. b3 a6 29. Na3 Ne5 30. Nc4 Nxc4 31. bxc4 b5 32. axb5 axb5 33. cxb5 Rb8 34. e4
Rxb5 35. e5 dxe5 36. Rxe5 c4 37. Re8+ Kf7 38. Rc8 Rxd5 39. Rxc4 Rd2+ 40. Kg1 Kf6
41. Rc5 1/2-1/2

[Event "13th EICC"]
[Site "Plovdiv BUL"]
[Date "2012.03.31"]
[Round "11.14"]
[White "Najer, Evgeniy"]
[Black "Vachier-Lagrave, Maxime"]
[Result "1-0"]
[WhiteTitle "GM"]
[BlackTitle "GM"]
[WhiteElo "2640"]
[BlackElo "2682"]
[WhiteFideId "4118987"]
[BlackFideId "623539"]
[EventDate "2012.03.20"]
[EventType "swiss"]

1. e4 c5 2. Nf3 d6 3. d4 cxd4 4. Nxd4 Nf6 5. Nc3 a6 6. Be3 e6 7. f3 b5 8. Qd2
Nbd7 9. g4 Nb6 10. a4 Nc4 11. Bxc4 bxc4 12. O-O Bb7 13. Rad1 Qc7 14. Nde2 h6 15.
Bd4 Be7 16. Ng3 e5 17. Be3 g6 18. Bxh6 O-O-O 19. Bg7 Rh7 20. Bxf6 Bxf6 21. Nd5
Bxd5 22. Qxd5 Rdh8 23. Rf2 Bh4 24. Kf1 Bxg3 25. hxg3 Rh1+ 26. Ke2 Rxd1 27. Kxd1
Rh1+ 28. Ke2 Kd8 29. f4 exf4 30. e5 fxg3 31. Rxf7 Rh2+ 32. Ke1 g2 33. Rf8+ Kd7
34. e6+ 1-0

[Event "13th EICC"]
[Site "Plovdiv BUL"]
[Date "2012.03.31"]
[Round "11.15"]
[White "Smeets, Jan"]
[Black "Korobov, Anton"]
[Result "1-0"]
[WhiteTitle "GM"]
[BlackTitle "GM"]
[WhiteElo "2610"]
[BlackElo "2679"]
[WhiteFideId "1007246"]
[BlackFideId "14105730"]
[EventDate "2012.03.20"]
[EventType "swiss"]

1. e4 c5 2. Nf3 d6 3. c3 Nf6 4. Bd3 g6 5. h3 Bg7 6. Bc2 O-O 7. d4 Nc6 8. O-O e5
9. dxc5 dxc5 10. Qxd8 Rxd8 11. Na3 b6 12. Bg5 h6 13. Bxf6 Bxf6 14. Bb3 Rb8 15.
Rfd1 b5 16. Bd5 Bd7 17. c4 a6 18. Rac1 b4 19. Nc2 Kg7 20. Nce1 Be7 21. Nd3 f6
22. b3 a5 23. Ra1 a4 24. bxa4 Na5 25. Nb2 b3 26. Nd2 bxa2 27. Rxa2 Rb6 28. Rda1
f5 29. Nd3 Bd6 30. Re1 f4 31. Nf3 Re8 32. Rb2 Rxb2 33. Nxb2 g5 34. Nd3 Nc6 35.
Ra1 Nb4 36. Nxb4 cxb4 37. a5 b3 38. a6 Bc5 39. Nd2 b2 40. Ra2 b1=Q+ 41. Nxb1 1-0

[Event "13th EICC"]
[Site "Plovdiv BUL"]
[Date "2012.03.31"]
[Round "11.20"]
[White "Volkov, Sergey"]
[Black "Areshchenko, Alexander"]
[Result "1/2-1/2"]
[WhiteTitle "GM"]
[BlackTitle "GM"]
[WhiteElo "2623"]
[BlackElo "2688"]
[WhiteFideId "4122763"]
[BlackFideId "14109530"]
[EventDate "2012.03.20"]
[EventType "swiss"]

1. d4 Nf6 2. c4 g6 3. Nc3 d5 4. Nf3 Bg7 5. Qb3 dxc4 6. Qxc4 O-O 7. e4 a6 8. Be2
b5 9. Qb3 c5 10. dxc5 Be6 11. Qc2 Nbd7 12. c6 Nb8 13. Ng5 Nxc6 14. Nxe6 fxe6 15.
Nxb5 Rc8 16. Nc3 Nd4 17. Qd3 Nd7 18. O-O Nc5 19. Qh3 Nxe2+ 20. Nxe2 Qd3 21. Qxd3
Nxd3 22. Be3 Bxb2 23. Rad1 Rc2 24. Rxd3 Rxe2 25. Rfd1 e5 26. Kf1 Rc2 27. R3d2
Rxd2 28. Rxd2 Bc1 29. Rd3 Bxe3 30. Rxe3 Rc8 31. Ra3 Rc4 32. f3 Rc6 33. g4 h5 34.
gxh5 gxh5 35. Kg2 Kg7 36. Kg3 Kh6 37. Ra5 Rg6+ 38. Kh4 Re6 39. a4 Kg6 40. Rc5
Rf6 41. Kg3 h4+ 42. Kxh4 Rxf3 43. Rxe5 Kf6 44. Kg4 Re3 45. Rf5+ Ke6 46. Ra5
Rxe4+ 47. Kg5 Re2 48. h4 Rg2+ 49. Kh6 Kf6 50. Rxa6+ Kf5 51. Ra8 e5 52. Rf8+ Ke6
53. a5 Ra2 54. Ra8 e4 55. Kg6 Ke7 56. Ra7+ Ke6 57. Ra6+ Ke7 58. Ra7+ Ke6 59. Ra8
Ke7 60. Ra7+ Ke6 61. Ra8 1/2-1/2

[Event "13th EICC"]
[Site "Plovdiv BUL"]
[Date "2012.03.31"]
[Round "11.22"]
[White "Zhigalko, Andrey"]
[Black "Sokolov, Ivan"]
[Result "0-1"]
[WhiteTitle "GM"]
[BlackTitle "GM"]
[WhiteElo "2590"]
[BlackElo "2653"]
[WhiteFideId "13502247"]
[BlackFideId "14400030"]
[EventDate "2012.03.20"]
[EventType "swiss"]

1. e4 e5 2. Nf3 Nc6 3. Bb5 a6 4. Ba4 Nge7 5. c3 g6 6. d4 exd4 7. cxd4 b5 8. Bc2
Bg7 9. O-O O-O 10. Nc3 d6 11. h3 Na5 12. Bf4 Bb7 13. Re1 Rc8 14. Bd3 b4 15. Na4
Qd7 16. a3 bxa3 17. Rxa3 Nac6 18. Bc4 Kh8 19. Qd2 Ng8 20. d5 Nce7 21. Nc3 Rb8
22. Bxa6 Bxa6 23. Rxa6 Rb4 24. e5 dxe5 25. Bxe5 f6 26. Bg3 Nf5 27. Bh2 Rfb8 28.
Ra2 Nd6 29. Nd4 Bh6 30. f4 Nc4 31. Qe2 Qd6 32. Nc6 Qc5+ 33. Qf2 Qxf2+ 34. Kxf2
Rxb2+ 35. Re2 R8b3 36. Ne4 Rxe2+ 37. Rxe2 Bf8 38. Rc2 Ne3 39. Rd2 f5 40. Nd4 Ra3
41. Nb5 Rb3 42. Nd4 Ra3 43. Nb5 Ra5 44. d6 Nc4 45. dxc7 Nxd2 46. c8=Q Nxe4+ 47.
Kf1 Bc5 48. Nc7 Ra1+ 49. Ke2 Ra2+ 50. Kd1 Nc3+ 51. Ke1 Be3 0-1

[Event "13th EICC"]
[Site "Plovdiv BUL"]
[Date "2012.03.31"]
[Round "11.25"]
[White "Ernst, Sipke"]
[Black "Jones, Gawain C B"]
[Result "0-1"]
[WhiteTitle "GM"]
[BlackTitle "GM"]
[WhiteElo "2578"]
[BlackElo "2635"]
[WhiteFideId "1004689"]
[BlackFideId "409561"]
[EventDate "2012.03.20"]
[EventType "swiss"]

1. d4 f5 2. e4 fxe4 3. Nc3 Nf6 4. Bg5 c6 5. f3 Qb6 6. fxe4 Qxb2 7. Bd2 Qb6 8. e5
Qxd4 9. Nf3 Qg4 10. exf6 exf6 11. Bd3 d5 12. Qe2+ Qe6 13. Rb1 Qxe2+ 14. Nxe2 Nd7
15. Ned4 Ne5 16. O-O Bc5 17. Kh1 O-O 18. Nb3 Bd6 19. Na5 Nxd3 20. cxd3 Rb8 21.
Nd4 Re8 22. h3 Be5 23. Ndb3 Ra8 24. Bf4 c5 25. Rbe1 b6 26. Nc6 Ba6 27. Bxe5 Bxd3
28. Bf4 Bxf1 29. Rxf1 Re6 30. Nb8 a5 31. a4 Kf7 32. Rd1 g5 33. Bh2 Re3 34. Rb1
Re4 35. Nd7 Rb4 36. Bd6 Rc8 37. Rf1 Ke6 38. Bxc5 Rxb3 39. Nf8+ Kf7 40. Bd4 Rxf8
41. Rxf6+ 0-1

[Event "13th EICC"]
[Site "Plovdiv BUL"]
[Date "2012.03.31"]
[Round "11.26"]
[White "Grigoriants, Sergey"]
[Black "Hracek, Zbynek"]
[Result "1-0"]
[WhiteTitle "GM"]
[BlackTitle "GM"]
[WhiteElo "2561"]
[BlackElo "2627"]
[WhiteFideId "4130804"]
[BlackFideId "300071"]
[EventDate "2012.03.20"]
[EventType "swiss"]

1. c4 e5 2. g3 Nf6 3. Bg2 Nc6 4. Nc3 Bc5 5. a3 O-O 6. e3 a6 7. Nge2 Re8 8. O-O
d6 9. d3 Ba7 10. h3 Bd7 11. Kh2 Rb8 12. Nd5 Nxd5 13. cxd5 Ne7 14. Bd2 c6 15. Nc3
Bf5 16. e4 Bd7 17. Be3 Bxe3 18. fxe3 Qb6 19. Qe2 cxd5 20. exd5 f5 21. Rf2 Rf8
22. Raf1 Ng6 23. h4 f4 24. gxf4 exf4 25. h5 fxe3 26. Rxf8+ Nxf8 27. Qf3 Qd8 28.
Ne4 Qe7 29. Qxe3 Qe5+ 30. Kg1 h6 31. Qf4 Qxf4 32. Rxf4 Be8 33. Nxd6 Bxh5 34. Rc4
Bg4 35. Rxg4 1-0

[Event "13th EICC"]
[Site "Plovdiv BUL"]
[Date "2012.03.31"]
[Round "11.30"]
[White "Solak, Dragan"]
[Black "Bartel, Mateusz"]
[Result "0-1"]
[WhiteTitle "GM"]
[BlackTitle "GM"]
[WhiteElo "2602"]
[BlackElo "2665"]
[WhiteFideId "916811"]
[BlackFideId "1112635"]
[EventDate "2012.03.20"]
[EventType "swiss"]

1. e4 e5 2. Nf3 Nc6 3. Bb5 Nf6 4. O-O Bc5 5. Bxc6 dxc6 6. d3 Qe7 7. Bg5 h6 8.
Bh4 Bg4 9. h3 Bh5 10. Nbd2 O-O-O 11. Qe2 g5 12. Bg3 g4 13. hxg4 Bxg4 14. Rfe1
Rhg8 15. Bxe5 Bh3 16. g3 Ng4 17. d4 Nxe5 18. dxc5 Qxc5 19. Nxe5 Qxe5 20. Qe3
Qxb2 21. Qxa7 Qc3 22. Kh2 Rxg3 23. Nc4 Rg2+ 24. Kh1 Rgg8 25. Kh2 Be6 26. Qa8+
Kd7 27. Red1+ 0-1

[Event "13th EICC"]
[Site "Plovdiv BUL"]
[Date "2012.03.31"]
[Round "11.34"]
[White "Rodshtein, Maxim"]
[Black "Nyzhnyk, Illya"]
[Result "0-1"]
[WhiteTitle "GM"]
[BlackTitle "GM"]
[WhiteElo "2652"]
[BlackElo "2585"]
[WhiteFideId "2806851"]
[BlackFideId "14118084"]
[EventDate "2012.03.20"]
[EventType "swiss"]

1. d4 Nf6 2. c4 g6 3. Nc3 Bg7 4. e4 d6 5. Nf3 O-O 6. h3 e5 7. d5 a5 8. g4 Na6 9.
Be3 Nc5 10. Nd2 Ne8 11. h4 f5 12. g5 f4 13. Bxc5 dxc5 14. Bh3 Bxh3 15. Rxh3 Qd7
16. Qf3 a4 17. h5 Nd6 18. h6 Bh8 19. O-O-O Rfb8 20. Rhh1 b6 21. Qh3 Qe7 22. Rhg1
Ra5 23. Kc2 Kf7 24. Kd3 Ke8 25. Ndb1 b5 26. cxb5 c4+ 27. Ke2 Nxb5 28. d6 cxd6
29. Nxb5 Raxb5 30. Nc3 Rxb2+ 31. Rd2 Rxd2+ 32. Kxd2 Kf7 33. Kc2 a3 34. Rd1 Rb2+
35. Kc1 Qxg5 36. Qd7+ Qe7 37. Qc6 Qb7 38. Qxc4+ Kf6 39. Rxd6+ Kg5 40. Qc5 Kxh6
41. Rd3 Bf6 42. Kd1 Bh4 43. Qxe5 Rxf2 44. Nb5 Qc8 0-1

[Event "13th EICC"]
[Site "Plovdiv BUL"]
[Date "2012.03.31"]
[Round "11.35"]
[White "Timofeev, Artyom"]
[Black "Chatalbashev, Boris"]
[Result "1-0"]
[WhiteTitle "GM"]
[BlackTitle "GM"]
[WhiteElo "2650"]
[BlackElo "2570"]
[WhiteFideId "4140419"]
[BlackFideId "2900440"]
[EventDate "2012.03.20"]
[EventType "swiss"]

1. d4 Nf6 2. c4 c5 3. d5 g6 4. Nc3 Bg7 5. e4 d6 6. h3 O-O 7. Nf3 e6 8. Bd3 Na6
9. O-O Nc7 10. Re1 Re8 11. a3 exd5 12. cxd5 b5 13. Bg5 c4 14. Bf1 h6 15. Bf4 a5
16. Qc2 Bb7 17. Rad1 Rc8 18. b4 cxb3 19. Qxb3 Nd7 20. Nxb5 Nc5 21. Qb1 Nxb5 22.
Bxb5 Re7 23. e5 dxe5 24. Bxe5 Bxe5 25. Nxe5 Qd6 26. Qb2 Rd8 27. Ng4 f5 28. Rxe7
Qxe7 29. d6 Qe6 30. Qd4 1-0

[Event "13th EICC"]
[Site "Plovdiv BUL"]
[Date "2012.03.31"]
[Round "11.37"]
[White "Petrosian, Tigran L."]
[Black "Nevednichy, Vladislav"]
[Result "1-0"]
[WhiteTitle "GM"]
[BlackTitle "GM"]
[WhiteElo "2643"]
[BlackElo "2562"]
[WhiteFideId "13301616"]
[BlackFideId "1205730"]
[EventDate "2012.03.20"]
[EventType "swiss"]

1. d4 Nf6 2. Nf3 g6 3. c4 Bg7 4. Nc3 O-O 5. g3 d6 6. Bg2 c6 7. O-O Bf5 8. Ne1
Be6 9. b3 d5 10. Nd3 Ne4 11. Nxe4 dxe4 12. Nc5 Bc8 13. Bb2 f5 14. f3 b6 15. Na4
exf3 16. Rxf3 Bb7 17. e4 e6 18. Rd3 Nd7 19. Ba3 Rf7 20. e5 Nf8 21. Bd6 Rd7 22.
c5 Rc8 23. b4 Ba6 24. Rc3 bxc5 25. bxc5 Qa5 26. Rb1 Bh6 27. Ra3 Bc4 28. Qc2 Bd5
29. Qd3 Qd2 30. Qxd2 Bxd2 31. Rd3 Ba5 32. Ra3 Bd2 33. Rd3 Ba5 34. Rb2 g5 35. Ra3
Bd8 36. Nc3 Bxg2 37. Kxg2 g4 38. Rab3 Ng6 39. Rb7 Rxb7 40. Rxb7 Bg5 41. Rxa7 Be3
42. Na4 f4 43. Nb6 f3+ 44. Kf1 Rd8 45. Nd7 1-0

[Event "13th EICC"]
[Site "Plovdiv BUL"]
[Date "2012.03.31"]
[Round "11.38"]
[White "Lenic, Luka"]
[Black "Ipatov, Alexander"]
[Result "1/2-1/2"]
[WhiteTitle "GM"]
[BlackTitle "GM"]
[WhiteElo "2637"]
[BlackElo "2561"]
[WhiteFideId "14603853"]
[BlackFideId "14116731"]
[EventDate "2012.03.20"]
[EventType "swiss"]

1. Nf3 d5 2. d4 Nf6 3. c4 c6 4. Nc3 dxc4 5. a4 Bf5 6. e3 e6 7. Bxc4 Bb4 8. O-O
Nbd7 9. Qe2 O-O 10. e4 Bg6 11. Bd3 Bh5 12. e5 Nd5 13. Nxd5 cxd5 14. Qe3 Re8 15.
Ng5 Bg6 16. Bxg6 fxg6 17. Qh3 Nf8 18. Qb3 a5 19. Nh3 Rc8 20. Be3 Qd7 21. Rfc1
Rxc1+ 22. Rxc1 Rc8 23. Rxc8 Qxc8 24. Nf4 Qc6 25. h4 b5 26. axb5 Qxb5 27. Nd3 a4
28. Qxb4 Qxd3 29. Kh2 Qb3 30. Qxb3 axb3 31. Kg1 Nd7 32. Kf1 Nb6 33. Ke2 Na4 34.
Bc1 Kf7 35. Kd3 Ke8 36. f3 Kf7 37. g4 h6 38. Ke2 Nb6 39. Kd3 Na4 40. Ke2 Nb6 1/2-1/2

[Event "13th EICC"]
[Site "Plovdiv BUL"]
[Date "2012.03.31"]
[Round "11.39"]
[White "Papin, Vasily"]
[Black "Nyback, Tomi"]
[Result "1-0"]
[WhiteTitle "GM"]
[BlackTitle "GM"]
[WhiteElo "2575"]
[BlackElo "2636"]
[WhiteFideId "4143183"]
[BlackFideId "503142"]
[EventDate "2012.03.20"]
[EventType "swiss"]

1. Nf3 Nf6 2. c4 g6 3. Nc3 d5 4. cxd5 Nxd5 5. Qa4+ Bd7 6. Qb3 Nb6 7. d4 Bg7 8.
Bf4 Be6 9. Qa3 c5 10. Qxc5 Nc6 11. e3 Rc8 12. Qa3 O-O 13. Nd2 Nd5 14. Bg3 f5 15.
Bc4 f4 16. Bxd5 Bxd5 17. Bxf4 Rxf4 18. Nxd5 Qxd5 19. exf4 Nxd4 20. O-O Nc2 21.
Qh3 Rd8 22. Rac1 Nd4 23. Rc8 Ne2+ 24. Kh1 Rxc8 25. Qxc8+ Kf7 26. Qc4 Qxc4 27.
Nxc4 Nxf4 28. g3 Nd3 29. b3 b5 30. Na3 a6 31. Nc2 Bb2 32. Kg2 Nc1 33. a4 bxa4
34. bxa4 a5 35. Ne3 Nd3 36. Rd1 Nc5 37. Rd5 Ba3 38. Nc2 e6 39. Rd8 Bb2 40. Ra8 1-0

[Event "13th EICC"]
[Site "Plovdiv BUL"]
[Date "2012.03.31"]
[Round "11.40"]
[White "Swiercz, Dariusz"]
[Black "Istratescu, Andrei"]
[Result "0-1"]
[WhiteTitle "GM"]
[BlackTitle "GM"]
[WhiteElo "2565"]
[BlackElo "2633"]
[WhiteFideId "1126881"]
[BlackFideId "1200372"]
[EventDate "2012.03.20"]
[EventType "swiss"]

1. d4 Nf6 2. c4 e6 3. Nc3 Bb4 4. e3 d5 5. a3 Be7 6. Nf3 O-O 7. Bd3 b6 8. cxd5
exd5 9. b4 Bb7 10. O-O Nbd7 11. Rb1 Ne4 12. Qc2 Nxc3 13. Qxc3 Bd6 14. a4 a6 15.
b5 axb5 16. axb5 Qe7 17. Bb2 h5 18. Ra1 Nf6 19. Qc2 Rfe8 20. h3 Ne4 21. Ne5 f6
22. Nc6 Qe6 23. Rxa8 Bxa8 24. Re1 Bxc6 25. Qxc6 f5 26. f3 Nf6 27. Re2 Kf8 28.
Bc1 h4 29. Bd2 Nh5 30. Re1 g6 31. Bc2 Kg7 32. Bb3 Nf6 33. Re2 Qf7 34. Be1 Bg3
35. Bb4 Re6 36. Qa8 Re8 37. Qc6 Re6 38. Qc2 Qe8 39. Qd3 Nh5 40. Bd1 Bd6 41. Bxd6
cxd6 42. Kf2 f4 43. e4 Ng3 44. exd5 Rxe2+ 45. Bxe2 Nf5 46. Bd1 Kf6 47. Kf1 Qe3
48. Qxe3 fxe3 49. f4 Nxd4 50. Bg4 g5 51. f5 Ke5 52. Ke1 Nxf5 53. Ke2 Ke4 54.
Bxf5+ Kxf5 55. Kxe3 Ke5 0-1

[Event "13th EICC"]
[Site "Plovdiv BUL"]
[Date "2012.03.31"]
[Round "11.41"]
[White "Popov, Valerij"]
[Black "Mastrovasilis, Dimitrios"]
[Result "0-1"]
[WhiteTitle "GM"]
[BlackTitle "GM"]
[WhiteElo "2546"]
[BlackElo "2631"]
[WhiteFideId "4119410"]
[BlackFideId "4202694"]
[EventDate "2012.03.20"]
[EventType "swiss"]

1. e4 e5 2. Bc4 Nf6 3. d3 Nc6 4. a3 d5 5. exd5 Nxd5 6. Nf3 Be7 7. O-O O-O 8. Re1
Nb6 9. Ba2 Bd6 10. Bg5 Qd7 11. Nbd2 h6 12. Bh4 Qf5 13. Bg3 Bd7 14. c4 Rfe8 15.
b4 Bf8 16. c5 Nc8 17. Nc4 a5 18. Ne3 Qf6 19. Nd5 Qd8 20. Nxe5 Nxe5 21. Bxe5 axb4
22. Qh5 Rxe5 23. Qxe5 Bxc5 24. Nxc7 Bd6 25. Qh5 Bxc7 26. Bxf7+ Kh8 27. axb4 Rxa1
28. Rxa1 Qf6 29. Rf1 Bf5 30. Bd5 Nd6 31. Qf3 Qd4 32. Bxb7 Qxb4 33. Bd5 Qd4 34.
Rd1 Bb6 35. h3 Kh7 36. Rc1 Bg6 37. g3 Bc5 38. Ba2 Bf5 39. g4 Bg6 40. Kg2 h5 41.
gxh5 Bxd3 42. Qf8 Nc4 43. Qf7 Be4+ 44. Kg1 Qd2 0-1

[Event "13th EICC"]
[Site "Plovdiv BUL"]
[Date "2012.03.31"]
[Round "11.42"]
[White "Pridorozhni, Aleksei"]
[Black "Melkumyan, Hrant"]
[Result "0-1"]
[WhiteTitle "GM"]
[BlackTitle "GM"]
[WhiteElo "2524"]
[BlackElo "2628"]
[WhiteFideId "4127870"]
[BlackFideId "13302485"]
[EventDate "2012.03.20"]
[EventType "swiss"]

1. e4 e5 2. Bc4 Nf6 3. d3 Nc6 4. Nf3 h6 5. c3 d6 6. Bb3 g6 7. Nbd2 Bg7 8. O-O
O-O 9. Re1 Re8 10. Nf1 Be6 11. Ng3 d5 12. Ba4 Nd7 13. b4 dxe4 14. dxe4 a5 15. b5
Na7 16. Qe2 Nb6 17. Bb3 Qd7 18. Bxe6 Qxe6 19. Nf1 Nc4 20. N3d2 Nd6 21. a4 Nac8
22. c4 c5 23. Ne3 Ne7 24. Nd5 Nxd5 25. cxd5 Qd7 26. b6 Ra6 27. Ba3 Rc8 28. Nb3
Rxb6 29. Nxc5 Qd8 30. Rec1 Bf8 31. Qe1 h5 32. h3 Bh6 33. Rc3 Rb4 34. Bxb4 axb4
35. Nxb7 Nxb7 36. Rxc8 Qxc8 37. Qxb4 Bf8 38. Qb2 Nc5 39. a5 Kh7 40. Qb1 h4 41.
Qc1 Qa6 42. Qf1 Qa7 43. Qc4 Kg7 44. a6 Be7 45. Qc2 Bd6 46. Kh2 Be7 47. Ra2 Bd6
48. Qe2 Bb8 49. Qe3 Qb6 50. Qe2 Ba7 51. Qb2 Qf6 52. Qe2 Qf4+ 53. g3 Qf6 54. Kg2
hxg3 55. fxg3 Qb6 56. h4 Nd7 57. Qf3 Qg1+ 58. Kh3 Nf6 59. Rc2 Bc5 60. Rd2 Qa1
61. Qd3 Qa4 62. Re2 Bd4 63. Re1 Qd7+ 64. Kg2 Qa4 65. Kh3 Bc5 66. g4 Qd7 67. Qf3
Nh5 68. Rd1 Nf4+ 69. Kg3 Qa7 70. Ra1 Bd4 71. Rd1 Qxa6 72. g5 Qc8 73. Rh1 Nh5+
74. Kg2 Qc2+ 75. Kh3 Bf2 76. Rd1 Nf4+ 77. Kh2 Bxh4+ 78. Kh1 Bg3 79. Kg1 Ne2+ 0-1

[Event "13th EICC"]
[Site "Plovdiv BUL"]
[Date "2012.03.31"]
[Round "11.45"]
[White "Howell, David W L"]
[Black "Djukic, Nikola"]
[Result "1-0"]
[WhiteTitle "GM"]
[BlackTitle "GM"]
[WhiteElo "2614"]
[BlackElo "2513"]
[WhiteFideId "410608"]
[BlackFideId "922412"]
[EventDate "2012.03.20"]
[EventType "swiss"]

1. e4 c5 2. Nf3 Nc6 3. d4 cxd4 4. Nxd4 Qc7 5. Nc3 e6 6. g3 a6 7. Bg2 Nf6 8. O-O
Bc5 9. Nxc6 dxc6 10. Na4 Ba7 11. c4 Nd7 12. b4 a5 13. b5 e5 14. Bb2 O-O 15. Ba3
Re8 16. Bd6 Qd8 17. bxc6 bxc6 18. c5 Ba6 19. Re1 Bb5 20. Rc1 Nf8 21. Nc3 Ba6 22.
Qa4 Ne6 23. Qxc6 Qc8 24. Qxc8 Raxc8 25. Na4 Nd4 26. Kh1 Rc6 27. Bh3 Bc8 28. Bxc8
Rexc8 29. Rb1 Ne6 30. Rec1 f6 31. Rc3 Ng5 32. Rb7 Nxe4 33. Rxa7 Nxc3 34. Nxc3
Rxc5 35. Bxc5 Rxc5 36. Ne4 1-0

[Event "13th EICC"]
[Site "Plovdiv BUL"]
[Date "2012.03.31"]
[Round "11.48"]
[White "Huschenbeth, Niclas"]
[Black "L'Ami, Erwin"]
[Result "1-0"]
[WhiteTitle "GM"]
[BlackTitle "GM"]
[WhiteElo "2509"]
[BlackElo "2611"]
[WhiteFideId "24604747"]
[BlackFideId "1007998"]
[EventDate "2012.03.20"]
[EventType "swiss"]

1. e4 c6 2. d4 d5 3. e5 Bf5 4. Nf3 e6 5. Be2 Ne7 6. O-O Bg6 7. Nbd2 Nc8 8. a4
Be7 9. a5 O-O 10. Nb3 Nd7 11. Be3 a6 12. c3 Na7 13. Ne1 c5 14. f4 c4 15. Nd2 Nc6
16. b4 b6 17. g4 f5 18. Nxc4 fxg4 19. Nxb6 Nxb6 20. axb6 h5 21. b7 Rb8 22. Rxa6
Qc7 23. Nd3 Qxb7 24. b5 Nd8 25. Nc5 Qc8 26. Qa4 Bf5 27. Ra1 Nb7 28. Rc6 Nxc5 29.
dxc5 Qe8 30. Qa7 Bh4 31. Rc7 Qg6 32. c6 g3 33. h3 Bxh3 34. Qd4 Bd8 35. Rb7 Rxb7
36. cxb7 Bc7 37. b6 Bb8 38. Bf3 h4 39. Rc1 Bg4 40. Bxg4 Qxg4 41. Qd1 Qg6 42. Qc2
Qf7 43. Qg2 Qf5 44. Qc2 Qxc2 45. Rxc2 g5 46. Bc5 Rf7 47. f5 h3 48. Rc1 exf5 49.
e6 h2+ 50. Kh1 f4 51. e7 Rxe7 52. Bxe7 f3 53. Rc2 Kf7 54. Bd8 Bf4 55. b8=Q f2
56. Qa7+ 1-0

[Event "13th EICC"]
[Site "Plovdiv BUL"]
[Date "2012.03.31"]
[Round "11.49"]
[White "Kempinski, Robert"]
[Black "Mastrovasilis, Athanasios"]
[Result "0-1"]
[WhiteTitle "GM"]
[BlackTitle "GM"]
[WhiteElo "2610"]
[BlackElo "2510"]
[WhiteFideId "1105663"]
[BlackFideId "4201990"]
[EventDate "2012.03.20"]
[EventType "swiss"]

1. d4 d5 2. Nf3 Nf6 3. c4 e6 4. e3 b6 5. b3 Bb7 6. Nbd2 Bb4 7. a3 Bc3 8. Rb1 c5
9. cxd5 Qxd5 10. Bc4 Qf5 11. O-O cxd4 12. Nxd4 Bxd4 13. exd4 O-O 14. Bb2 Nbd7
15. Qe2 Nh5 16. Qd3 Qxd3 17. Bxd3 Bxg2 18. Bxh7+ Kxh7 19. Kxg2 Rac8 20. Nc4 Ndf6
21. Kf3 Nd5 22. a4 Nhf4 23. Bc1 Ng6 24. Bd2 Nh4+ 25. Ke4 Nf5 26. Rbc1 Rfd8 27.
Be3 f6 28. Na3 Nd6+ 29. Kf3 Kg6 30. Rg1+ Kf7 31. Rxc8 Rxc8 32. Rc1 Rh8 33. Nb5
Nxb5 34. axb5 Rxh2 35. Ra1 Kg6 36. Rg1+ Kf7 37. Ra1 g5 38. Rxa7+ Kg6 39. Ke4
Rh4+ 40. Kd3 Kf5 41. Ra1 Rh8 42. Bd2 Rh3+ 43. Be3 g4 44. Rg1 Rh7 45. Ra1 Rg7 46.
Rg1 Ra7 47. Rh1 Ra3 48. Rh5+ Kg6 49. Rh4 Rxb3+ 50. Ke2 Rxb5 51. Rxg4+ Kf5 52.
Rh4 Ra5 53. Kd3 b5 54. Bd2 Ra3+ 55. Ke2 b4 56. f3 Rb3 57. Rh5+ Kg6 58. Rh6+ Kg7
59. Rh1 Ne7 60. Rc1 Kg6 61. Rg1+ Kf5 62. Rc1 Kg6 63. Rg1+ Kf7 64. Rc1 Nd5 65.
Rg1 Rb2 66. Kd3 Rb3+ 67. Ke2 Ke7 68. Rg7+ Kd6 69. Ra7 Kc6 70. Ra6+ Kb5 71. Rxe6
Kc4 72. Rc6+ Kxd4 73. Rd6 Rb2 74. Kd1 b3 75. Rd8 Ra2 76. Rb8 Kc4 77. Kc1 Rc2+
78. Kd1 Nc3+ 79. Bxc3 Kxc3 80. Rf8 Rh2 81. Rc8+ Kb2 82. Rc6 f5 83. Rc5 f4 84.
Rc4 Ka3 85. Rc8 Rf2 86. Ra8+ Kb2 87. Ra4 Rxf3 88. Ke2 Rc3 89. Rxf4 Kc2 0-1